| 000 | 00715nam a2200205 i 4500 | ||
|---|---|---|---|
| 001 | 7135 | ||
| 003 | ES-MaACL | ||
| 005 | 20250902064906.0 | ||
| 007 | t| | ||
| 008 | 900822s1986 sp ||||1| spa d | ||
| 020 | _a84-7196-610-7 | ||
| 080 | _a658.115(46)"1986" | ||
| 245 | 0 | 0 |
_aEmpresas estatales _b: memoria 1986 / _cMinisterio de Economia y Hacienda. |
| 260 |
_aMadrid : _bMinisterio de Economia y Hacienda, Direccion General del Patrimonio del Estado, _cD.L. 1986. |
||
| 300 |
_a257 p. ; _c28 cm. |
||
| 650 | 0 | 4 |
_aEmpresas públicas- _zEspaña _912232 |
| 710 | 1 |
_aEspaña. _bDireccion General del Patrimonio del Estado. _93792 |
|
| 852 |
_aES-MaACL _jL-14226 _bR.115283 _z. - rust. |
||
| 999 |
_c7135 _d7135 |
||